[Event "DRUZYNOWE MISTRZOSTWA POLSKI 2014 - SYGNITY EKSTRALIGA"]
[Site "Gorzow Wlkp, Wroclaw, Katowice"]
[Date "2014-00-00"]
[Round "7.15"]
[White "Shkapenko, Pavel"]
[Black "Mikrut, Dariusz"]
[Result "1/2-1/2"]
[WhiteTitle "IM"]
[BlackTitle "IM"]
[WhiteElo "2420"]
[BlackElo "2363"]

1. e4 e5 2. Nf3 Nc6 3. Bb5 a6 4. Ba4 Nf6 5. O-O Be7 6. Re1 b5 7. Bb3 O-O 8. d3
d6 9. c3 h6 10. Nbd2 Re8 11. Nf1 Bf8 12. Ng3 Nb8 13. Nh4 Bg4 14. Qc2 Nbd7 15.
Ng6 Be6 16. Nxf8 Nxf8 17. f4 exf4 18. Bxf4 Ng6 19. Qd2 Bxb3 20. axb3 d5 21. e5
Ng4 22. d4 Nxh2 23. Nf5 Ng4 24. Rf1 Re6 25. Qd3 Nxf4 26. Rxf4 Qg5 27. Raf1 h5
28. Qf3 Rd8 29. Ng3 Rg6 30. Rf5 Qe3+ 31. Kh1 h4 32. Nh5 Qxf3 33. R1xf3 Nh6 34.
R5f4 Rg4 35. Rxg4 Nxg4 36. Rf4 Ne3 37. Rxh4 a5 38. g3 a4 39. bxa4 bxa4 40. Rh2
Rb8 41. Nf4 c6 42. Re2 Nc4 43. Nd3 Rb3 44. Kg2 Kf8 45. Kf2 Ke7 46. Nc5 Rxb2 47.
Nxa4 Rb3 48. Rc2 Rb1 49. Ra2 f6 50. exf6+ 1/2-1/2

[Event "DRUZYNOWE MISTRZOSTWA POLSKI 2014 - SYGNITY EKSTRALIGA"]
[Site "Gorzow Wlkp, Wroclaw, Katowice"]
[Date "2014-00-00"]
[Round "7.16"]
[White "Brzeski, Maciej"]
[Black "Bartel, Michal"]
[Result "1/2-1/2"]
[WhiteTitle "m"]
[BlackTitle "FM"]
[WhiteElo "2333"]
[BlackElo "2325"]

1. e4 e5 2. Nf3 Nc6 3. Bb5 a6 4. Ba4 Nf6 5. O-O Be7 6. Re1 b5 7. Bb3 O-O 8. d4
d6 9. c3 Bg4 10. Be3 Bh5 11. h3 exd4 12. cxd4 d5 13. e5 Ne4 14. Nbd2 Qd7 15. a3
Rad8 16. Qc2 Nxd2 17. Nxd2 Bg6 18. Qc3 Nxe5 19. dxe5 d4 20. Bxd4 Qxd4 21. Qxc7
Bc5 22. Nf3 Qxf2+ 23. Kh2 Be3 24. Rad1 Rxd1 25. Rxd1 Bf4+ 26. Kh1 Qxb2 27. Qe7
h6 28. Bd5 Qc2 29. Ra1 Be4 30. Bxe4 Qxe4 31. Qb4 Qxb4 32. axb4 Rc8 33. Kg1 Bg3
34. Kf1 Rc6 35. Ke2 Kf8 36. Kd3 Ke8 37. Nd4 Rb6 38. Ke4 f6 39. exf6 Rxf6 40. Ra3
Bc7 41. g4 g6 42. Rc3 Kd7 43. Ra3 Bb6 44. Ke5 Rd6 45. Nf3 Bc7 46. Ke4 Kc8 47.
Nd4 Bb6 48. Rxa6 Kb7 49. Nxb5 Re6+ 50. Kd5 Kxa6 51. Kxe6 Kxb5 52. g5 hxg5 53.
Kf6 Bd8+ 54. Kxg6 Kxb4 55. Kf5 Kc4 56. Kg4 Kd4 57. h4 gxh4 58. Kh3 Ke3 59. Kg2
1/2-1/2

[Event "DRUZYNOWE MISTRZOSTWA POLSKI 2014 - SYGNITY EKSTRALIGA"]
[Site "Gorzow Wlkp, Wroclaw, Katowice"]
[Date "2014-00-00"]
[Round "7.17"]
[White "Kos, Pawel"]
[Black "Barski, Radoslaw"]
[Result "0-1"]
[WhiteTitle "k"]
[BlackTitle "k++"]
[WhiteElo "2241"]
[BlackElo "2263"]

1. Nf3 c5 2. g3 Nc6 3. d4 cxd4 4. Nxd4 Nf6 5. Bg2 e6 6. O-O Be7 7. c4 O-O 8. Nc3
a6 9. b3 Qc7 10. Bb2 d6 11. Rc1 Ne5 12. h3 Bd7 13. Rc2 Rac8 14. Rd2 Rfd8 15. e4
Qa5 16. f4 Ng6 17. Nf3 Bc6 18. Qe2 b5 19. cxb5 axb5 20. Nd4 Be8 21. Ndxb5 d5 22.
e5 Ne4 23. Bxe4 dxe4 24. Rxd8 Rxd8 25. Nd6 Bxd6 26. exd6 Qf5 27. Kh2 Rxd6 28.
Nxe4 Rd8 29. Nc3 h5 30. h4 Bc6 31. Rf2 Rd3 32. Qf1 Nxh4 33. Qxd3 Qxd3 34. gxh4
Qe3 0-1

[Event "DRUZYNOWE MISTRZOSTWA POLSKI 2014 - SYGNITY EKSTRALIGA"]
[Site "Gorzow Wlkp, Wroclaw, Katowice"]
[Date "2014-00-00"]
[Round "7.18"]
[White "Kulon, Klaudia"]
[Black "Gasik, Anna"]
[Result "1-0"]
[WhiteTitle "WIM"]
[BlackTitle "WIM"]
[WhiteElo "2378"]
[BlackElo "2233"]

1. e4 e6 2. d3 d5 3. Nd2 c5 4. g3 Nc6 5. Bg2 g6 6. f4 Bg7 7. Ngf3 Nge7 8. O-O O-O
9. Kh1 Rb8 10. a4 b6 11. Qe2 Ba6 12. e5 Nb4 13. Ne1 d4 14. g4 Qc7 15. Nc4 Rfd8
16. Bd2 Bxc4 17. dxc4 Nxc2 18. Nxc2 d3 19. Qd1 dxc2 20. Qxc2 Nc6 21. Bc3 Nd4 22.
Qe4 g5 23. Rae1 Qd7 24. f5 Qxa4 25. f6 Bf8 26. Ra1 Qxc4 27. Rxa7 Qe2 28. Qb1 Qxg4
29. Rxf7 Nf5 30. Ra7 Qh5 31. Qe1 Rd3 32. Rxf5 Rd1 33. Rxg5+ 1-0

[Event "DRUZYNOWE MISTRZOSTWA POLSKI 2014 - SYGNITY EKSTRALIGA"]
[Site "Gorzow Wlkp, Wroclaw, Katowice"]
[Date "2014-00-00"]
[Round "7.19"]
[White "Swiercz, Dariusz"]
[Black "Czarnota, Pawel"]
[Result "1/2-1/2"]
[WhiteTitle "GM"]
[BlackTitle "GM"]
[WhiteElo "2614"]
[BlackElo "2529"]

1. e4 c6 2. d4 d5 3. e5 Bf5 4. Nf3 e6 5. Be2 Nd7 6. O-O Ne7 7. Nbd2 Nc8 8. Re1
Be7 9. Nf1 O-O 10. Ng3 Bg6 11. Be3 c5 12. Bd3 cxd4 13. Bxd4 Ncb6 14. Qe2 Rc8 15.
Rad1 Nb8 16. c3 Nc6 17. Bxg6 hxg6 18. Be3 Nc4 19. Bc1 Qa5 20. a3 Qa6 21. h4 Nb6
22. Qe3 Qc4 23. h5 Qg4 24. h6 Nc4 25. Qe2 a5 26. b3 Nxa3 27. Qd2 Nb1 28. Qe3 g5
29. Nd4 Nxc3 30. Qxc3 Nxd4 31. Qxd4 Qxd4 32. Rxd4 gxh6 33. Bd2 b6 34. Rd3 Rc2
35. Ne2 Rxd2 36. Rxd2 Bb4 37. Red1 Bxd2 38. Rxd2 Rc8 39. f3 Kg7 40. Kf2 Kg6 41.
Nd4 h5 42. Rd1 h4 43. Ke3 Rc3+ 44. Kd2 Rc8 45. Kd3 Rc5 46. Rf1 b5 47. Ra1 b4 48.
Kd2 Kh5 49. Rh1 Rc3 50. Ra1 Rc5 51. Ke3 Kg6 52. Kd3 Kh6 53. Ne2 Kg6 54. Rf1 Kf5
55. f4 gxf4 56. Rxf4+ Kxe5 57. Rxf7 a4 58. bxa4 Ra5 59. Rh7 Rxa4 60. Rxh4 Ra3+
61. Kd2 Ra2+ 62. Kd3 Ra3+ 63. Kd2 Ra2+ 64. Ke3 Ra3+ 65. Kf2 Rb3 66. Rh5+ Ke4 67.
Rh4+ Ke5 68. Rh5+ Ke4 69. Rh4+ Ke5 70. Rh5+ 1/2-1/2

[Event "DRUZYNOWE MISTRZOSTWA POLSKI 2014 - SYGNITY EKSTRALIGA"]
[Site "Gorzow Wlkp, Wroclaw, Katowice"]
[Date "2014-00-00"]
[Round "7.20"]
[White "Hera, Imre Jr."]
[Black "Bartel, Mateusz"]
[Result "0-1"]
[WhiteTitle "GM"]
[BlackTitle "GM"]
[WhiteElo "2576"]
[BlackElo "2652"]

1. d4 e6 2. Nf3 Nf6 3. Bf4 b6 4. e3 Bb7 5. Nbd2 g6 6. Be2 Bg7 7. O-O O-O 8. c3
d6 9. Qc2 Nbd7 10. e4 Qe7 11. Rfe1 e5 12. dxe5 dxe5 13. Bg5 a5 14. a4 Nc5 15.
Bf1 h6 16. Bh4 Rfd8 17. b4 axb4 18. cxb4 Ne6 19. Bc4 g5 20. Bg3 Nf4 21. Rab1 Ne8
22. Bf1 Qd7 23. Nc4 Qxa4 24. Qc3 Nd6 25. Ncxe5 Qe8 26. h4 Nh5 27. hxg5 Nxg3 28.
gxh6 Ngxe4 29. Rxe4 Nxe4 30. Qxc7 Bxe5 31. Nxe5 Rac8 32. Qxb7 Qxe5 33. Re1 f5
34. Qxb6 Qf6 35. Qa5 Kh8 36. b5 Qd4 37. Qa2 Rd6 38. Re3 Rxh6 39. Qf7 Rg8 40. Qxf5
Ng3 41. Rxg3 Rxg3 42. Qf8+ Kh7 43. Qf7+ Rg7 44. Qf5+ Rgg6 45. Qf7+ Qg7 46. Qf5
Qc7 47. g3 Kg7 48. Qd5 Rd6 49. Qe5+ Kf8 50. Qf4+ Rhf6 51. Qh4 Qc5 52. Qh8+ Ke7
53. Qh7+ Kd8 0-1

[Event "DRUZYNOWE MISTRZOSTWA POLSKI 2014 - SYGNITY EKSTRALIGA"]
[Site "Gorzow Wlkp, Wroclaw, Katowice"]
[Date "2014-00-00"]
[Round "7.21"]
[White "Mastrovasilis, Dimitrios"]
[Black "Gajek, Radoslaw"]
[Result "1-0"]
[WhiteTitle "GM"]
[BlackTitle "FM"]
[WhiteElo "2605"]
[BlackElo "2346"]

1. e4 c5 2. Nf3 e6 3. d4 cxd4 4. Nxd4 a6 5. Bd3 g6 6. O-O Bg7 7. Nb3 Ne7 8. c4
O-O 9. Nc3 d5 10. cxd5 exd5 11. Bg5 dxe4 12. Bxe4 Qxd1 13. Raxd1 Nbc6 14. Nc5
h6 15. Bxe7 Nxe7 16. N3a4 Ra7 17. Nb6 Bxb2 18. Ncd7 Re8 19. Rfe1 Bxd7 20. Rxd7
Nc6 21. Kf1 Bc3 22. Re3 Bd4 23. Bxc6 Rxe3 24. Rxd4 Re6 25. Nc8 Ra8 26. Bxb7 Rb8
27. Rd7 Kf8 28. Rc7 Re8 29. a4 Rxb7 30. Rxb7 Rxc8 31. Rb6 a5 32. Rb5 Ra8 33. g4
g5 34. Kg2 Ra6 35. Kg3 Kg7 36. h4 gxh4+ 37. Kxh4 Rf6 38. Kg3 Ra6 39. f3 Kg6 40.
Rf5 Kg7 41. Re5 Kg6 42. Kf2 Kf6 43. Rf5+ Kg6 44. Ke3 Re6+ 45. Kd4 Rd6+ 46. Kc4
Rc6+ 47. Kb5 Rc3 48. Kxa5 Rb3 49. Ka6 h5 50. Rxh5 Rxf3 51. Rf5 Rb3 52. Rf4 f6
53. a5 Rb2 54. Ka7 Kg5 55. Re4 Rb1 56. a6 Rb2 57. Rc4 Rb3 58. Rc6 Rb4 59. Rb6
Rxg4 60. Kb7 Re4 61. a7 Re7+ 62. Ka6 Rxa7+ 63. Kxa7 f5 64. Ka6 f4 65. Kb5 f3 66.
Kc4 f2 67. Rb1 Kf4 68. Kd3 Ke4+ 69. Kxe4 1-0

[Event "DRUZYNOWE MISTRZOSTWA POLSKI 2014 - SYGNITY EKSTRALIGA"]
[Site "Gorzow Wlkp, Wroclaw, Katowice"]
[Date "2014-00-00"]
[Round "7.22"]
[White "Krainski, Aleksander"]
[Black "Moranda, Wojciech"]
[Result "0-1"]
[WhiteTitle "FM"]
[BlackTitle "GM"]
[WhiteElo "2220"]
[BlackElo "2593"]

1. d4 Nf6 2. Nf3 g6 3. g3 Bg7 4. Bg2 O-O 5. O-O d6 6. Nbd2 Nc6 7. Nc4 e6 8. c3
Rb8 9. a4 b6 10. Bg5 Ne7 11. Re1 Ne4 12. Bxe7 Qxe7 13. a5 b5 14. Ncd2 Nf6 15.
e3 Nd7 16. Qc2 c5 17. Bf1 a6 18. b3 Bb7 19. c4 bxc4 20. bxc4 Rfc8 21. Rab1 Qd8
22. d5 exd5 23. cxd5 Qxa5 24. Nc4 Qc7 25. e4 Re8 26. Qa4 Bc3 27. Rec1 Bb4 28.
Bh3 Nb6 29. Qc2 Nxc4 30. Qxc4 Qe7 31. Nd4 0-1

[Event "DRUZYNOWE MISTRZOSTWA POLSKI 2014 - SYGNITY EKSTRALIGA"]
[Site "Gorzow Wlkp, Wroclaw, Katowice"]
[Date "2014-00-00"]
[Round "7.23"]
[White "Sadzikowski, Daniel"]
[Black "Sciborowski, Miroslaw"]
[Result "1-0"]
[WhiteTitle "IM"]
[BlackTitle "k"]
[WhiteElo "2496"]
[BlackElo "2024"]

1. c4 Nf6 2. Nc3 g6 3. e4 d6 4. d4 Bg7 5. Be2 O-O 6. Nf3 e5 7. O-O Nc6 8. d5 Ne7
9. b4 a5 10. Ba3 axb4 11. Bxb4 b6 12. a4 Nd7 13. a5 bxa5 14. Rxa5 Rxa5 15. Bxa5
Nc5 16. Nb5 Na6 17. c5 Nxc5 18. Bxc7 Qd7 19. Nd2 Nb7 20. Qb1 f5 21. Nc4 fxe4 22.
Nb6 Qf5 23. Nxd6 Nxd6 24. Bxd6 Qf6 25. Qb4 Nf5 26. Bxf8 Bxf8 27. Qb2 Nd6 28. Ra1
e3 29. fxe3 Qg5 30. Qb3 Bh3 31. Bf1 Nf5 32. d6+ Kg7 33. e4 Ne3 34. Nd5 Nxd5 35.
Qxh3 Nf4 36. Ra7+ Kf6 37. Qb3 Ne2+ 38. Bxe2 Qc1+ 39. Kf2 Bh6 40. Rf7+ Kg5 41.
Qg3# 1-0

[Event "DRUZYNOWE MISTRZOSTWA POLSKI 2014 - SYGNITY EKSTRALIGA"]
[Site "Gorzow Wlkp, Wroclaw, Katowice"]
[Date "2014-00-00"]
[Round "7.24"]
[White "Czarnota, Dorota"]
[Black "Zawadzka, Jolanta"]
[Result "0-1"]
[WhiteTitle "WIM"]
[BlackTitle "WGM"]
[WhiteElo "2208"]
[BlackElo "2414"]

1. d4 d5 2. c4 e6 3. e3 Nf6 4. Nc3 c6 5. Nf3 Nbd7 6. Qc2 Bd6 7. b3 O-O 8. Be2 b6
9. O-O Bb7 10. Bb2 Qe7 11. Rfe1 Rad8 12. Bf1 Rfe8 13. Rad1 c5 14. cxd5 exd5 15.
dxc5 bxc5 16. Na4 Ne4 17. h3 Rc8 18. Rc1 f5 19. Bb5 Qf7 20. Rcd1 Re6 21. Nc3 Ndf6
22. Bd3 h6 23. Nd2 Nxc3 24. Qxc3 Ne4 25. Qc2 Rg6 26. Nxe4 fxe4 27. Bf1 Rf8 28.
Rd2 Qe6 29. Kh1 Rf5 30. f4 exf3 31. g4 Rf8 32. e4 h5 33. Red1 hxg4 34. exd5 gxh3
35. Ba6 f2 36. Bc4 Qe1+ 0-1

[Event "DRUZYNOWE MISTRZOSTWA POLSKI 2014 - SYGNITY EKSTRALIGA"]
[Site "Gorzow Wlkp, Wroclaw, Katowice"]
[Date "2014-00-00"]
[Round "7.25"]
[White "Mazurkiewicz, Michal"]
[Black "Kryvoruchko, Yuriy"]
[Result "0-1"]
[WhiteTitle "k"]
[BlackTitle "GM"]
[WhiteElo "2222"]
[BlackElo "2710"]

1. Nf3 Nf6 2. g3 d5 3. Bg2 e6 4. O-O Be7 5. d3 O-O 6. Nbd2 c5 7. e4 Nc6 8. Qe2
b5 9. Re1 b4 10. e5 Nd7 11. h4 a5 12. c4 bxc3 13. bxc3 Ba6 14. Nf1 Rb8 15. h5
a4 16. Qc2 Qa5 17. Bf4 a3 18. Rab1 Nb6 19. N1h2 Na4 20. Bd2 Nb2 21. Bf1 c4 22.
d4 Bb5 23. Ng4 Nd3 24. Bxd3 cxd3 25. Qc1 Bc4 26. Rxb8 Rxb8 27. Bh6 gxh6 28. Qf4
Kf8 29. Nxh6 Nd8 30. Qg4 Ke8 31. Qg8+ Kd7 32. Nxf7 Qxc3 33. Nd6 Nc6 34. Qg4 d2
0-1

[Event "DRUZYNOWE MISTRZOSTWA POLSKI 2014 - SYGNITY EKSTRALIGA"]
[Site "Gorzow Wlkp, Wroclaw, Katowice"]
[Date "2014-00-00"]
[Round "7.26"]
[White "Krasenkow, Michal"]
[Black "Pakleza, Zbigniew"]
[Result "1-0"]
[WhiteTitle "GM"]
[BlackTitle "IM"]
[WhiteElo "2631"]
[BlackElo "2509"]

1. d4 e6 2. c4 f5 3. Nc3 Nf6 4. Qc2 b6 5. e3 Bb7 6. f3 Be7 7. Bd3 O-O 8. Nge2 c5
9. d5 Kh8 10. O-O exd5 11. cxd5 Nxd5 12. Bxf5 Nb4 13. Qb1 g6 14. Bh3 c4 15. b3
d5 16. Bb2 Bf6 17. bxc4 dxc4 18. Ne4 Bxe4 19. Bxf6+ Rxf6 20. Qxe4 Qd5 21. Qe8+
Qg8 22. Qxg8+ Kxg8 23. Rfc1 b5 24. Nd4 Nd3 25. Rc3 Nc6 26. Nxb5 Re8 27. Na3 Rxe3
28. Nxc4 Nd4 29. Ra3 Nc2 30. Nxe3 Nxa3 31. Nd5 Ra6 32. Rd1 Nb2 33. Re1 Nb5 34.
Re8+ Kg7 35. Re7+ Kh6 36. Ne3 Nd4 37. Bc8 Rc6 38. h4 g5 39. Ng4+ Kh5 40. Rxh7+
Kg6 41. Rh6+ 1-0

[Event "DRUZYNOWE MISTRZOSTWA POLSKI 2014 - SYGNITY EKSTRALIGA"]
[Site "Gorzow Wlkp, Wroclaw, Katowice"]
[Date "2014-00-00"]
[Round "7.27"]
[White "Weichhold, Pawel"]
[Black "Piorun, Kacper"]
[Result "1/2-1/2"]
[WhiteTitle "m"]
[BlackTitle "GM"]
[WhiteElo "2394"]
[BlackElo "2532"]

1. e4 e6 2. d4 d5 3. Nc3 Bb4 4. e5 c5 5. a3 Bxc3+ 6. bxc3 Ne7 7. h4 Nbc6 8. Nf3
Qa5 9. Bd2 Bd7 10. h5 O-O-O 11. a4 h6 12. Qc1 Kb8 13. Qa3 c4 14. g3 Nc8 15. Bh3
Ka8 16. O-O Nb6 17. Kg2 Nb8 18. Nh4 Rhg8 19. Rfb1 Nxa4 20. f4 g5 21. hxg6 fxg6
22. Bxe6 Bxe6 23. Qxa4 Qxa4 24. Rxa4 Nc6 25. Rf1 Bg4 26. Raa1 Kb8 27. Bc1 Rdf8
28. Ba3 Rf7 29. Rf2 g5 30. fxg5 Rxf2+ 31. Kxf2 hxg5 32. Nf3 Bf5 33. Ke3 Kc7 34.
Nxg5 Rxg5 35. Kf4 Rh5 36. g4 Bxg4 37. Kxg4 Rh2 38. Kf5 Rxc2 39. Ke6 Rxc3 40. Kxd5
Rd3 41. Bc5 1/2-1/2

[Event "DRUZYNOWE MISTRZOSTWA POLSKI 2014 - SYGNITY EKSTRALIGA"]
[Site "Gorzow Wlkp, Wroclaw, Katowice"]
[Date "2014-00-00"]
[Round "7.28"]
[White "Kanarek, Marcel"]
[Black "Brodowski, Piotr"]
[Result "1-0"]
[WhiteTitle "IM"]
[BlackTitle "m"]
[WhiteElo "2479"]
[BlackElo "2428"]

1. d4 c5 2. d5 d6 3. c4 e5 4. e4 Be7 5. Nf3 Bg4 6. Nc3 Bxf3 7. Qxf3 Bg5 8. Bxg5
Qxg5 9. g3 Qd8 10. Bh3 a6 11. O-O Ne7 12. Qh5 Nd7 13. Bxd7+ Qxd7 14. f4 Ng6 15.
f5 Ne7 16. f6 g6 17. Qh6 Nc8 18. a4 Kd8 19. a5 Rb8 20. Rfb1 b5 21. cxb5 axb5 22.
b4 c4 23. Kg2 Qa7 24. Rf1 Ke8 25. Rf3 Qd7 26. Qg7 Rf8 27. Qxh7 Na7 28. Qg7 Qg4
29. Qh6 Kd7 30. h3 Rh8 31. Qxh8 Qxf3+ 32. Kxf3 Rxh8 33. h4 Ke8 34. Kg4 Kf8 35.
a6 Ke8 36. Nxb5 Nxb5 37. a7 c3 1-0

[Event "DRUZYNOWE MISTRZOSTWA POLSKI 2014 - SYGNITY EKSTRALIGA"]
[Site "Gorzow Wlkp, Wroclaw, Katowice"]
[Date "2014-00-00"]
[Round "7.29"]
[White "Czakon, Jakub"]
[Black "Klim, Kamil"]
[Result "1-0"]
[WhiteTitle "IM"]
[BlackTitle "m"]
[WhiteElo "2472"]
[BlackElo "2316"]

1. f4 c5 2. Nf3 g6 3. g3 Bg7 4. Bg2 Nf6 5. O-O O-O 6. d3 Nc6 7. e4 d6 8. h3 Nd4
9. Nbd2 Rb8 10. c3 Nxf3+ 11. Nxf3 b5 12. g4 b4 13. c4 e6 14. Be3 Nd7 15. Qd2 Bb7
16. Rae1 Qa5 17. b3 Bc3 18. Qf2 Bxe1 19. Rxe1 f6 20. f5 Rbe8 21. Rf1 gxf5 22.
exf5 exf5 23. Bh6 Rf7 24. Nh4 Bxg2 25. Qxg2 Qd8 26. Nxf5 Ne5 27. Qd5 Kh8 28. d4
cxd4 29. Nxd6 Rd7 30. c5 Rg8 31. Bf4 Qe7 32. Qxd4 Qe6 33. Bg3 Nxg4 34. hxg4 Rxg4
35. Rxf6 Qe1+ 36. Rf1+ Rxd4 37. Rxe1 Rg4 38. Kh2 h5 39. Re5 h4 40. Rh5+ Rh7 41.
Be5+ Kg8 42. Rxh7 Kxh7 43. c6 1-0

[Event "DRUZYNOWE MISTRZOSTWA POLSKI 2014 - SYGNITY EKSTRALIGA"]
[Site "Gorzow Wlkp, Wroclaw, Katowice"]
[Date "2014-00-00"]
[Round "7.30"]
[White "Wisniowska, Klaudia"]
[Black "Przezdziecka, Ewa"]
[Result "1/2-1/2"]
[WhiteTitle "WFM"]
[BlackTitle "WFM"]
[WhiteElo "2198"]
[BlackElo "2165"]

1. e4 d6 2. d4 Nf6 3. Nc3 e5 4. Nf3 Nbd7 5. Bc4 Be7 6. O-O Nb6 7. Be2 exd4 8. Nxd4
O-O 9. a4 a5 10. Re1 c6 11. Bf4 d5 12. e5 Ne8 13. Bg4 Nc7 14. Nf5 Bg5 15. Bxg5
Qxg5 16. h4 Qd8 17. h5 Qg5 18. Ne3 Bxg4 19. Qxg4 Qxg4 20. Nxg4 Ne6 21. Ne2 Nd7
22. Ng3 g6 23. Rad1 Nec5 24. b3 f5 25. exf6 Nxf6 26. Nxf6+ Rxf6 27. hxg6 hxg6
28. Re7 Raf8 29. f3 R8f7 30. Re8+ Rf8 31. Re5 Re6 32. Rde1 Rfe8 33. Rxe6 Rxe6
34. Rd1 Kf7 35. Kf2 Re7 36. Ne2 Ne6 37. g3 Kf6 38. Nd4 Nxd4 39. Rxd4 Rh7 40. Kg2
Re7 41. Kf2 Rh7 42. Kg2 Re7 1/2-1/2

[Event "DRUZYNOWE MISTRZOSTWA POLSKI 2014 - SYGNITY EKSTRALIGA"]
[Site "Gorzow Wlkp, Wroclaw, Katowice"]
[Date "2014-00-00"]
[Round "8.1"]
[White "Kempinski, Robert"]
[Black "Kryvoruchko, Yuriy"]
[Result "1-0"]
[WhiteTitle "GM"]
[BlackTitle "GM"]
[WhiteElo "2620"]
[BlackElo "2710"]

1. d4 Nf6 2. c4 e6 3. Nf3 b6 4. g3 Ba6 5. b3 Bb4+ 6. Bd2 Be7 7. Bg2 d5 8. Ne5 O-O
9. O-O Bb7 10. Nc3 Nbd7 11. Bf4 c5 12. cxd5 exd5 13. Rc1 Re8 14. Nc4 Nf8 15. dxc5
Bxc5 16. Bg5 Ne6 17. Bxd5 Bxd5 18. Bxf6 Qxf6 19. Nxd5 Qg6 20. b4 Bd4 21. Nd6 Ng5
22. Nxe8 Qe4 23. h4 Qg4 24. Nef6+ gxf6 25. Nxf6+ Bxf6 26. hxg5 Rd8 27. Qb3 Bxg5
28. Rc7 Qh5 29. Rd1 1-0

[Event "DRUZYNOWE MISTRZOSTWA POLSKI 2014 - SYGNITY EKSTRALIGA"]
[Site "Gorzow Wlkp, Wroclaw, Katowice"]
[Date "2014-00-00"]
[Round "8.2"]
[White "Krasenkow, Michal"]
[Black "Markowski, Tomasz"]
[Result "0-1"]
[WhiteTitle "GM"]
[BlackTitle "GM"]
[WhiteElo "2631"]
[BlackElo "2575"]

1. d4 c5 2. d5 d6 3. c4 e5 4. e4 Be7 5. Nf3 Nf6 6. Nc3 Nbd7 7. h4 h6 8. Be2 Nf8
9. h5 N8h7 10. g3 O-O 11. Nh4 Ne8 12. Bg4 Bxh4 13. Rxh4 a6 14. a4 Rb8 15. Bxc8
Qxc8 16. f4 Qc7 17. Qe2 exf4 18. gxf4 Nef6 19. Rh3 Rbe8 20. f5 Qe7 21. Bf4 Nxe4
22. O-O-O Nhg5 23. Re3 Nxc3 24. bxc3 Qd7 25. Bxg5 hxg5 26. Rg1 Qxa4 27. Kb2 Rxe3
28. Qxe3 Re8 29. Qd3 f6 30. Ra1 Qd7 31. Qh3 Re5 32. Rf1 Qa4 33. Qd3 b5 0-1

[Event "DRUZYNOWE MISTRZOSTWA POLSKI 2014 - SYGNITY EKSTRALIGA"]
[Site "Gorzow Wlkp, Wroclaw, Katowice"]
[Date "2014-00-00"]
[Round "8.3"]
[White "Olszewski, Michal"]
[Black "Piorun, Kacper"]
[Result "1-0"]
[WhiteTitle "GM"]
[BlackTitle "GM"]
[WhiteElo "2549"]
[BlackElo "2532"]

1. d4 f5 2. Nf3 Nf6 3. g3 e6 4. Bg2 Be7 5. O-O O-O 6. c4 d6 7. Nc3 Qe8 8. Qd3 Qh5
9. b3 Nc6 10. Bb2 e5 11. dxe5 dxe5 12. Nd5 e4 13. Qe3 exf3 14. Bxf3 Qf7 15. Nxf6+
Bxf6 16. Bd5 Bxb2 17. Rad1 a5 18. Rd2 Bf6 19. Rfd1 g5 20. Kh1 Kg7 21. Bxf7 Rxf7
22. h4 h6 23. hxg5 hxg5 24. Kg2 Re7 25. Qf3 Be6 26. Rh1 Rf8 27. Rdd1 Ne5 28. Qxb7
f4 29. gxf4 gxf4 30. Rdg1 Rd8 31. Rh2 Ng4 32. Kf3 Bc8 33. Rxg4+ Kf8 34. Qc6 Rd6
35. Qa8 Re8 36. Rxf4 Kg7 37. Qxa5 Bb7+ 38. e4 1-0

[Event "DRUZYNOWE MISTRZOSTWA POLSKI 2014 - SYGNITY EKSTRALIGA"]
[Site "Gorzow Wlkp, Wroclaw, Katowice"]
[Date "2014-00-00"]
[Round "8.4"]
[White "Kanarek, Marcel"]
[Black "Szelag, Marcin"]
[Result "1-0"]
[WhiteTitle "IM"]
[BlackTitle "IM"]
[WhiteElo "2479"]
[BlackElo "2456"]

1. d4 Nf6 2. c4 g6 3. Nc3 Bg7 4. e4 d6 5. Nf3 O-O 6. Be2 e5 7. O-O Nc6 8. d5 Ne7
9. a4 a5 10. Ne1 c5 11. f4 Ne8 12. Nd3 b6 13. Qe1 f5 14. Bf3 Ba6 15. b3 Ra7 16.
Ra2 h6 17. g4 fxe4 18. Bxe4 Bc8 19. Nb5 Rb7 20. Rg2 Nf6 21. fxe5 dxe5 22. d6 Rd7
23. dxe7 Qxe7 24. Nf2 Rfd8 25. Nc3 Rd4 26. Be3 Rxe4 27. Nfxe4 Nxe4 28. Nxe4 Bb7
29. Bf2 Rd3 30. Rg3 Qd7 31. Qe2 Rd4 32. Bxd4 Qxd4+ 33. Re3 Bxe4 34. Rd1 Bc6 35.
Rxd4 cxd4 36. Rxe5 d3 37. Qxd3 1-0

[Event "DRUZYNOWE MISTRZOSTWA POLSKI 2014 - SYGNITY EKSTRALIGA"]
[Site "Gorzow Wlkp, Wroclaw, Katowice"]
[Date "2014-00-00"]
[Round "8.5"]
[White "Tomczak, Jacek"]
[Black "Klim, Kamil"]
[Result "1-0"]
[WhiteTitle "GM"]
[BlackTitle "m"]
[WhiteElo "2560"]
[BlackElo "2316"]

1. e4 c6 2. d4 d5 3. exd5 cxd5 4. c4 Nf6 5. Nc3 Nc6 6. Bg5 Ne4 7. Nxe4 dxe4 8.
d5 Ne5 9. Qd4 f6 10. Bf4 Ng4 11. Qxe4 e5 12. Nh3 Bb4+ 13. Bd2 Bxd2+ 14. Kxd2 Qb6
15. Kc3 g6 16. Qe1 Bf5 17. Rd1 Qa5+ 18. Kb3 Qb6+ 19. Kc3 Qa5+ 20. Kb3 Qb6+ 21.
Kc3 a5 22. b3 Qc5 23. Kb2 O-O 24. d6 Rfd8 25. Rd5 Qc6 26. f3 Nh6 27. Nf2 Nf7 28.
Bd3 Bxd3 29. Rxd3 Rxd6 30. Rxd6 Nxd6 31. Ng4 Nf5 32. Qe4 Kf7 33. Rd1 h5 34. Nf2
Ke7 35. Qd3 Rg8 36. Ne4 a4 37. Qd5 Rc8 38. Qxc6 Rxc6 39. Rd5 axb3 40. axb3 Ne3
41. Rb5 b6 42. g3 g5 43. Kc3 h4 44. Kd3 Nf5 45. Rd5 hxg3 46. hxg3 Nd4 47. b4 Nxf3
48. b5 Rc7 49. c5 f5 50. cxb6 Rb7 51. Nd6 Rb8 52. Nxf5+ Ke6 53. Ke4 Rxb6 54. Ng7+
Kf6 55. Ne8+ Kf7 56. Kxf3 Kxe8 57. Rxe5+ Kf7 58. Rxg5 Rb8 59. Rf5+ Ke6 60. g4
Ra8 61. Kf4 Ra1 62. Kg5 Rb1 63. Kg6 Ke7 64. g5 1-0

[Event "DRUZYNOWE MISTRZOSTWA POLSKI 2014 - SYGNITY EKSTRALIGA"]
[Site "Gorzow Wlkp, Wroclaw, Katowice"]
[Date "2014-00-00"]
[Round "8.6"]
[White "Wisniowska, Klaudia"]
[Black "Chlost, Marlena"]
[Result "1/2-1/2"]
[WhiteTitle "WFM"]
[BlackTitle "WFM"]
[WhiteElo "2198"]
[BlackElo "2188"]

1. e4 e5 2. Nf3 Nc6 3. Bb5 a6 4. Ba4 Nf6 5. O-O Be7 6. Re1 b5 7. Bb3 O-O 8. h3
Bb7 9. d3 d5 10. exd5 Nxd5 11. Nxe5 Nxe5 12. Rxe5 Qd6 13. Re1 Rae8 14. Nd2 c5
15. Ne4 Qc6 16. c4 Nc7 17. Bf4 Kh8 18. Bxc7 Qxc7 19. Nc3 Bf6 20. cxb5 axb5 21.
Qg4 b4 22. Nd5 Bxd5 23. Bxd5 Bxb2 24. Rxe8 Rxe8 25. Rf1 Kg8 26. Qf3 g6 27. g3
Kg7 28. Kg2 Re7 29. Bc4 Bd4 30. Bd5 Re5 31. Bc4 Qe7 32. Bb3 Bc3 33. Bc4 Qd7 34.
Bb3 Qe7 35. Bc4 Qc7 36. Bb3 Re8 37. Bc4 Bf6 38. Bb5 Re5 39. Bc4 Qe7 40. Rd1 Re2
41. Kf1 Rb2 42. Re1 Qd7 43. Kg2 Bd4 44. Re2 Rxe2 45. Qxe2 1/2-1/2

[Event "DRUZYNOWE MISTRZOSTWA POLSKI 2014 - SYGNITY EKSTRALIGA"]
[Site "Gorzow Wlkp, Wroclaw, Katowice"]
[Date "2014-00-00"]
[Round "8.7"]
[White "Czarnota, Pawel"]
[Black "Mazurkiewicz, Michal"]
[Result "1-0"]
[WhiteTitle "GM"]
[BlackTitle "k"]
[WhiteElo "2529"]
[BlackElo "2222"]

1. e4 c5 2. Nf3 d6 3. d4 cxd4 4. Nxd4 Nf6 5. Nc3 a6 6. h3 e5 7. Nde2 b5 8. Bg5
Nbd7 9. Nd5 Bb7 10. Nec3 Rc8 11. a4 b4 12. Nxb4 Qa5 13. Nbd5 Nxe4 14. Bd2 Bxd5
15. Nxe4 Qc7 16. Bd3 Bb7 17. c4 Bxe4 18. Bxe4 Nc5 19. Bf5 Rb8 20. b4 g6 21. Bc2
Ne6 22. Bd3 Bg7 23. Rc1 O-O 24. O-O Kh8 25. Be4 f5 26. Bd5 Nd4 27. Bc3 Qa7 28.
b5 f4 29. Rb1 axb5 30. Bxd4 exd4 31. cxb5 Rfe8 32. Qb3 Rec8 33. b6 Qa5 34. Qb5
Rc5 35. Qxa5 Rxa5 36. Bc6 Ra6 37. a5 Rxa5 38. b7 Be5 39. Ra1 Rxa1 40. Rxa1 d3
41. Rd1 d5 42. Bxd5 Rd8 43. Rxd3 Kg7 44. Kf1 Kf6 45. Ke2 Bb8 46. g3 g5 47. h4
h6 48. gxf4 gxf4 49. Kf3 Ke5 50. Rc3 Rxd5 51. Rc8 Bd6 52. Re8+ Kf5 53. Rf8+ Ke5
54. b8=Q Bxb8 55. Rxb8 Rd3+ 56. Kg4 h5+ 57. Kxh5 Rd2 58. f3 Rg2 59. Kh6 Rg3 60.
Rb3 Kd4 61. h5 Kc4 62. Ra3 Kb4 63. Ra1 Rxf3 64. Kg5 Rh3 65. Rf1 Kc5 66. Rxf4 Kd6
67. Re4 Kd5 68. Rg4 Ke6 69. Kg6 Ke5 70. h6 Ra3 71. h7 Ra8 72. Kh6 Kf5 73. Rg8
Ra6+ 74. Kh5 Ra2 75. Rf8+ 1-0

[Event "DRUZYNOWE MISTRZOSTWA POLSKI 2014 - SYGNITY EKSTRALIGA"]
[Site "Gorzow Wlkp, Wroclaw, Katowice"]
[Date "2014-00-00"]
[Round "8.8"]
[White "Pakleza, Zbigniew"]
[Black "Hera, Imre Jr."]
[Result "1/2-1/2"]
[WhiteTitle "IM"]
[BlackTitle "GM"]
[WhiteElo "2509"]
[BlackElo "2576"]

1. d4 Nf6 2. Bf4 e6 3. e3 c5 4. c3 cxd4 5. exd4 Be7 6. Nf3 b6 7. Bd3 Bb7 8. h3
O-O 9. O-O d6 10. Re1 Nbd7 11. Nbd2 Qc7 12. Bg3 Rfe8 13. Qe2 a6 14. a4 Bf8 15.
Ne4 Nxe4 16. Bxe4 Bxe4 17. Qxe4 Nf6 18. Qd3 Qb7 19. Bh4 Nd5 20. Ng5 Nf6 21. Nf3
Nd5 22. Ng5 Nf6 23. Nf3 Nd5 1/2-1/2